Realizing the potential of C4I (Record no. 60596)
[ view plain ]
| 000 -LEADER | |
|---|---|
| fixed length control field | 01399nam a2200301 a 4500 |
| 082 04 - DEWEY DECIMAL CLASSIFICATION NUMBER | |
| Classification number | 355.3/432/0973 |
| 245 00 - TITLE STATEMENT | |
| Title | Realizing the potential of C4I |
| 260 ## - PUBLICATION, DISTRIBUTION, ETC. (IMPRINT) | |
| Place of publication | Washington, D.C. : |
| Name of publisher | National Academy Press, |
| Year of publication | 1999. |
| 300 ## - PHYSICAL DESCRIPTION | |
| Number of Pages | xviii, 278 p. |
| 650 #0 - SUBJECT ADDED ENTRY--TOPICAL TERM | |
| Topical Term | Command and control systems |
| Topical Term | Military intelligence |
| 856 40 - ELECTRONIC LOCATION AND ACCESS | |
| Uniform Resource Identifier | http://site.ebrary.com/lib/rucke/Doc?id=10040957 |
No items available.
